000 00664nam a2200229 a 4500
999 _c2916
_d2916
001 2916
003 BD-JhCC
005 20171108121939.0
008 171108s1992 bg a|||| |||| 000 0 ben d
020 _a9844370043
035 _a(BD-JhCC) 2916
040 _aBD-JhCC
_dBD-JhCC
041 _aben
082 _a001
_bIMA 1992
100 _aইমাম, আলী
245 _aজ্ঞানের কথা /
_c আলী ইমাম
260 _aঢাকা :
_bকাকলী প্রকাশনী,
_c১৯৯২.
300 _a২৯৬ পৃ. :
_bill. ;
_c২১ সেমি.
650 _aGeneral knowledge
942 _2ddc
_cBK